000 00515nam a2200181Ia 4500
003 OSt
005 20240202094237.0
008 210210b1961 xxu||||| |||| 00| 0 eng d
040 _cAL
041 _aKannada
082 _a852/113
100 _aKRASHNANARAYANA GOSAVI ಕೃಷ್ಣನಾರಾಯಣ ಗೋಸಾವಿ
_9149506
245 _aHimalaya Darshana
_bಹಿಮಾಲಯ ದರ್ಶನ
260 _aHubballi
_b-
_c1961
690 _aKannada Prose
_9149507
906 _a018682
942 _2ddc
_cBK
999 _c142235
_d142235